| 000 | 00391nam a2200157Ia 4500 | ||
|---|---|---|---|
| 008 | 230524s9999 xx 000 0 und d | ||
| 082 |
_a681.76 _bRAG |
||
| 100 | _aB.S.Raghuwanshi | ||
| 245 | 2 | _aA Course in Workshop Technology Vol-II | |
| 250 | _a9TH | ||
| 260 |
_aNEW DELHI _bDhanpat Rai _c2005 |
||
| 300 | _aXXIII;981 | ||
| 500 | _aQuantity Number: 24 | ||
| 650 | _aWorkshop | ||
| 942 | _cBK | ||
| 999 |
_c324 _d324 |
||